Кто все расскажет: [18+]; [НЕЗАКОННОЕ ПОТРЕБЛЕНИЕ НАРКОТИЧЕСКИХ СРЕДСТВ, ПСИХОТРОПНЫХ ВЕЩЕСТВ, ИХ АНАЛОГОВ ПРИЧИНЯЕТ ВРЕД ЗДОРОВЬЮ, ИХ НЕЗАКОННЫЙ ОБОРОТ ЗАПРЕЩЁН И ВЛЕЧЕТ УСТАНОВЛЕННУЮ ЗАКОНОДАТЕЛЬСТВОМ ОТВЕТСТВЕННОСТЬ]; роман; пер. с англ.

Библиографические подробности
Главный автор: Паланик Ч. Чак
Примечания:Одиннадцатый роман Чака Паланика.Одиннадцатый «бестселлер для интеллектуалов», в котором он изощ­ренно и зло иронизирует над темой «Пигмалиона и Галатеи», а заодно — и над реалиями Голливуда.«Вечная неудачница» и вечный Пигмалион — престарелая Хейзи Куган, некрасивая и немыслимо одаренная актриса, чьим истинным призванием стало делать суперзвезд из бездарных старлеток.Ее любимая подопечная — ослепительная красавица и столь же осле­пительная дура Кэтрин Кентон, которую вечно награждают за ничем не примечательные роли, вечно обольщают и используют, вышучивают — и обожают.И наконец — хваткий, циничный альфонс Уэбстер, у которого на Кэтрин Кентон — весьма далеко идущие планы...Из такого треугольника может выйти практически все, что угодно, — а выходит кое-что большее. Много большее.
Язык:русский
Опубликовано: Москва, АСТ, 2014
Серии:Чак Паланик и его бойцовский клуб
Предметы:
Формат: Книга
Запись в KOHA:https://koha.lib.tpu.ru/cgi-bin/koha/opac-detail.pl?biblionumber=289209

MARC

LEADER 00000nam0a2200000 4500
001 289209
005 20260407153703.0
010 |a 9785170811397 
035 |a (RuTPU)RU\TPU\book\313714 
090 |a 289209 
100 |a 20150331d2014 m y0rusy50 ca 
101 1 |a rus  |c eng 
102 |a RU 
105 |a y z 000ay 
200 1 |a Кто все расскажет  |e [18+]  |e [НЕЗАКОННОЕ ПОТРЕБЛЕНИЕ НАРКОТИЧЕСКИХ СРЕДСТВ, ПСИХОТРОПНЫХ ВЕЩЕСТВ, ИХ АНАЛОГОВ ПРИЧИНЯЕТ ВРЕД ЗДОРОВЬЮ, ИХ НЕЗАКОННЫЙ ОБОРОТ ЗАПРЕЩЁН И ВЛЕЧЕТ УСТАНОВЛЕННУЮ ЗАКОНОДАТЕЛЬСТВОМ ОТВЕТСТВЕННОСТЬ]  |e роман  |e пер. с англ.  |f Ч. Паланик 
210 |a Москва  |c АСТ  |d 2014 
215 |a 287 с. 
225 1 |a Чак Паланик и его бойцовский клуб 
330 |a Одиннадцатый роман Чака Паланика.Одиннадцатый «бестселлер для интеллектуалов», в котором он изощ­ренно и зло иронизирует над темой «Пигмалиона и Галатеи», а заодно — и над реалиями Голливуда.«Вечная неудачница» и вечный Пигмалион — престарелая Хейзи Куган, некрасивая и немыслимо одаренная актриса, чьим истинным призванием стало делать суперзвезд из бездарных старлеток.Ее любимая подопечная — ослепительная красавица и столь же осле­пительная дура Кэтрин Кентон, которую вечно награждают за ничем не примечательные роли, вечно обольщают и используют, вышучивают — и обожают.И наконец — хваткий, циничный альфонс Уэбстер, у которого на Кэтрин Кентон — весьма далеко идущие планы...Из такого треугольника может выйти практически все, что угодно, — а выходит кое-что большее. Много большее. 
606 1 |a Американская литература (англо-язычная литература)  |2 stltpush  |3 (RuTPU)RU\TPU\subj\28887  |9 52349 
610 1 |a проза 
610 1 |a романы 
675 |a 82  |v 4 
700 1 |a Паланик  |b Ч.  |g Чак 
801 1 |a RU  |b 63413507  |c 20150331 
801 2 |a RU  |b 63413507  |c 20150810  |g RCR 
830 |a *изданиеподлежащеемаркировке 
942 |c BK